000 00309nam a22001337a 4500
008 170825b xxu||||| |||| 00| 0 eng d
020 _a2900205616809
041 _aeng
080 _a070
100 _a39
101 _aMED
245 _aGOOD REASONS WITH CONTEMPORARY ARGUMENTS
_cFAIGLEY,L
942 _2udc
_cBK
999 _c25055
_d25055